Marketingová komunikácia vybraného e-shopu bakalárska práca

Salvato in:
Dettagli Bibliografici
Autore principale: Wittner, Erik
Ente Autore: Podnikovohospodárska fakulta EU so sídlom v Košiciach. Katedra obchodného podnikania
Altri autori: Petrovčiková, Katarína, 1977-
Natura: Libro
Lingua:slovacco
Pubblicazione: Košice 2023
Tags: Aggiungi Tag
Nessun Tag, puoi essere il primo ad aggiungerne!!

MARC

LEADER 00000nbm a2200000 4500
001 0294429
005 20240620124359.0
041 0 |a slo 
044 |a SK 
245 1 0 |a Marketingová komunikácia vybraného e-shopu  |b bakalárska práca  |c Erik Wittner ; školiteľ: Katarína Petrovčiková 
264 1 |a Košice  |c 2023 
300 |a 54 s. 
100 1 |a Wittner, Erik 
700 1 |a Petrovčiková, Katarína, 1977- 
710 2 |a Podnikovohospodárska fakulta EU so sídlom v Košiciach. Katedra obchodného podnikania